3 plus grands aéroports par région - Statistiques

Statistiques générales
  • Ce quiz a été pris 117 fois
  • Le résultat moyen est 22 sur 42
Statistiques - réponses
Hint Réponse % Correct
Auvergne-Rhône-Alpes 7.9 M Colombier-Saugnieu Lyon
93%
Bretagne 909 000 Guipavas Brest
78%
Île-de-France 72.2 M Roissy-en-France Paris
78%
Île-de-France 25.2 M Orly Paris
78%
Île-de-France 130 000 Le Bourget Paris
78%
Corse 1.2 M Ajaccio
77%
Nouvelle-Aquitaine 3.7 M Mérignac Bordeaux
77%
Corse 1 M Lucciana Bastiia
76%
Occitanie 6.4 M Blagnac Toulouse
75%
Provence-Alpes-Côte d'Azur 7.5 M Marignane Marseille
74%
Hauts-de-France 1.2 M Lesquin Lille
73%
Bretagne 412 000 Saint-Jacques-de-la-Lande Rennes
72%
Grand Est 1.1 M Entzheim Strasbourg
72%
Provence-Alpes-Côte d'Azur 9.6 M Nice
70%
DOM 1.9 M La Réunion Saint-Denis
69%
Auvergne-Rhône-Alpes 377 000 Aulnat Clermont-Ferrand
66%
Provence-Alpes-Côte d'Azur 503 000 Hyères Toulon
65%
Bretagne 176 000 Ploemeur Lorient
64%
Pays de la Loire 3 M Bouguenais Nantes
64%
Bourgogne-Franche-Comté 42 000 Longvic Dijon
63%
Grand Est 5.5 M Saint-Louis Mulhouse
59%
Hauts-de-France 2.9 M Tillé Beauvais
58%
Normandie 101 000 Carpiquet Caen
58%
Auvergne-Rhône-Alpes 353 000 Saint-Étienne-de-Saint-Geoirs Grenoble
56%
Occitanie 1.2 M Mauguio Montpellier
56%
Grand Est 254 000 Goin Metz
50%
Nouvelle-Aquitaine 990 000 Anglet Bayonne
49%
Centre-Val-de-Loire 169 000 Tours
49%
DOM 1.8 M Guadeloupe Pointe-à-Pitre
43%
Corse 438 000 Figari
41%
Normandie 24 000 Octeville-sur-Mer Le Havre
41%
Nouvelle-Aquitaine 674 000 Uzein Pau
41%
Centre-Val-de-Loire 10 000 Déols Châteauroux
27%
Hauts-de-France ? Marck Calais
25%
Bourgogne-Franche-Comté 34 500 Tavaux Dole
25%
Centre-Val-de-Loire ? Bourges
23%
Normandie 142 000 Saint-Gatien-des-Bois Deauville
22%
Pays de la Loire 20 500 Montoir-de-Bretagne Saint-Nazaire
18%
Bourgogne-Franche-Comté ? Branches Auxerre
13%
Occitanie 436 000 Ossun Lourdes
11%
DOM 1.7 M Martinique Le Lamentin
10%
Pays de la Loire 150 000 Les Sables-d'Olonne
6%
Aucun quiz correspondant
Distribution des résultats
% des personnes avec chaque résultat
Percentile par nombre de réponses
Votre historique - résultats
Vous n’avez pas pris ce quiz